000 00718nam a22002297a 4500
003 UA-OsUOA
001 131803
007 ta
008 20180618b un ||||| |||| 00| 0 ukr d
090 _a7.03
_bП15
942 _cBK
040 _aUA-OsUOA
_brus
_cUA-OsUOA
_dUA-OsUOA
245 _aПамятники культуры. Новые открытия
_bписьменность, искусство, археология
_cред. И. Л. Андроников и др.
300 _a576 с.
_bІлюстрації
955 _a1
041 _arus
080 _a7.03
260 _aМ.
_bНаука
_c1989
044 _aRU
650 7 _a7.0 Загальні питання мистецтва
_2UDC
999 _c420199
_d420199